000 00844nam a2200229Ii 4500
003 JO-AjNU
008 230605s9999||||xx |||||||||||||| ||und||
017 _a2012/14744
020 _a978-977-717-010-9
040 _aJO-AjNU
_bara
_erda
_cJO-AjNU
041 _aara
050 1 4 _aBP144 2013
100 3 _aفهمي، حسين كامل,
_eauthor
_944963
245 0 0 _aحول قضيتي التأمين والضمان لودائع البنوك الإسلامية
250 _aط1
264 3 1 _aالقاهرة: دار السلام للطباعة والنشر والتوزيع والترجمة، 2013
300 _a94ص
336 _atext
_btxt
_2rdacontent
337 _aunmediated
_bn
_2rdamedia
338 _avolume
_bnc
_2rdacarrier
650 4 _aالبنوك الاسلامية- مصر- الودائع المصرفية- تأمين
_944964
999 _aA19456
_c23024
_d23024